=LDR 00000nam 2200000 4500 =001 000964 =005 20250712014941 =035 ##$$a 0010-0725000843 =007 ta =008 250712################a##########0#ind## =020 ##$$a 978-623-307-271-7 =082 ##$$a 398.209 598 =084 ##$$a 398.209 598 MUR b =100 #$$a Anitha Murthy =245 1#$$a Bermain Menggambar /$c Anitha Murthy =250 ##$$a Cetakan Pertama =260 ##$$a Rawamangun :$b Badan Pengembangan dan Pembinaan Bahasa,$c 2022 =300 ##$$a 24 hlm. : $b Ilus. ; $c 29 cm. =650 #4$$a Cerita Anak Indonesia - Terjemahan =650 #4$$a Literasi - Bahan bacaan =856 ##$$a TBM AS SUHADA